[Event "Madrid San Viator op-A 27th"]
[Site "Madrid"]
[Date "2016.10.09"]
[Round "3"]
[White "Sotoca Aguado, Jose"]
[Black "Luna Hermoso, Angel"]
[Result "1-0"]
[WhiteElo "1900"]
[BlackElo "1976"]
[PlyCount "105"]
[EventDate "2016.09.25"]
[EventType "swiss"]
[EventRounds "9"]
[EventCountry "ESP"]
[SourceTitle "EXT 2017"]
[Source "ChessBase"]
[SourceDate "2016.10.25"]
[SourceVersion "1"]
[SourceVersionDate "2016.10.25"]
[SourceQuality "1"]

1. d4 Nf6 2. Nf3 c5 3. c3 g6 4. g3 cxd4 5. cxd4 d5 6. Bg2 Bg7 7. 0-0 0-0 8. Qb3 Nc6 9. Nc3 Ne4 10. e3 Be6 11. Qa4 Nxc3 12. bxc3 Bd7 13. Qb3 e6 14. Ba3 Re8 15. Nd2 Na5 16. Qb2 Qc7 17. Rac1 Rac8 18. Rfe1 Bh6 19. Bf1 b5 20. Bc5 Nb7 21. Ba3 Nd6 22. Bc5 Bf8 23. Ba3 Rb8 24. Bxd6 Bxd6 25. e4 Qa5 26. Nb3 Qa3 27. Qxa3 Bxa3 28. Rb1 Rec8 29. exd5 Rxc3 30. Bh3 Rb6 31. Rbd1 Rd6 32. dxe6 Bxe6 33. Bxe6 fxe6 34. Nc5 Bxc5 35. dxc5 Rd5 36. Rb1 Rdxc5 37. Rxe6 Rc1+ 38. Rxc1 Rxc1+ 39. Kg2 Rc2 40. Ra6 Rc7 41. Kf3 Kf7 42. Ke3 Ke7 43. f4 Kd7 44. g4 Kc8 45. f5 Kb7 46. Rd6 Rc3+ 47. Kf4 Kc7 48. Ra6 Kb7 49. Re6 gxf5 50. gxf5 Rh3 51. Re2 Rh6 52. Ke3 Kc7 53. Rd2 1-0

[Event "Madrid San Viator op 25th"]
[Site "Madrid"]
[Date "2015.10.12"]
[Round "3"]
[White "Luna Hermoso, Angel"]
[Black "Sanchez Gomez, Emiliano"]
[Result "1-0"]
[WhiteElo "1919"]
[BlackElo "1801"]
[PlyCount "55"]
[EventDate "2015.10.04"]
[EventType "swiss"]
[EventRounds "9"]
[EventCountry "ESP"]
[SourceTitle "CBM 169 Extra"]
[Source "ChessBase"]
[SourceDate "2015.12.18"]
[SourceVersion "1"]
[SourceVersionDate "2015.12.18"]
[SourceQuality "1"]

1. d4 Nf6 2. c4 g6 3. g3 Bg7 4. Bg2 d5 5. cxd5 Nxd5 6. Nf3 0-0 7. e4 Nb6 8. 0-0 c6 9. h3 N8d7 10. Nc3 Nf6 11. Qc2 h6 12. b3 Be6 13. Be3 Qc8 14. Kh2 Qd8 15. Rfd1 Rc8 16. Rac1 Kh7 17. Nh4 Ne8 18. f4 f5 19. a4 a5 20. g4 fxg4 21. f5 Bf7 22. fxg6+ Bxg6 23. Nxg6 Kxg6 24. e5+ Kf7 25. Rf1+ Kg8 26. Rxf8+ Bxf8 27. Qg6+ Ng7 28. Be4 1-0

[Event "Madrid San Viator op 23rd"]
[Site "Madrid"]
[Date "2014.11.23"]
[Round "9"]
[White "Martinez, Derlis Melchor"]
[Black "Luna Hermoso, Angel"]
[Result "1/2-1/2"]
[WhiteElo "1760"]
[BlackElo "1955"]
[PlyCount "103"]
[EventDate "2014.09.28"]
[EventType "swiss"]
[EventRounds "9"]
[EventCountry "ESP"]
[SourceTitle "EXT 2016"]
[Source "ChessBase"]
[SourceDate "2015.10.08"]
[SourceVersion "1"]
[SourceVersionDate "2015.10.08"]
[SourceQuality "1"]

1. b3 d5 2. Bb2 Bf5 3. e3 Nf6 4. Nf3 c6 5. Nc3 Nbd7 6. Ne2 Bg4 7. Ne5 Nxe5 8. Bxe5 Nd7 9. Bb2 e5 10. h3 Bh5 11. g4 Bg6 12. d3 h5 13. gxh5 Bxh5 14. Qd2 Qh4 15. Ng3 Bg6 16. 0-0-0 Bd6 17. e4 d4 18. Be2 a5 19. Rdg1 a4 20. Kb1 axb3 21. axb3 Qe7 22. h4 Bb4 23. Qg5 Bc3 24. Qxe7+ Kxe7 25. h5 Bh7 26. h6 Bxb2 27. Kxb2 g5 28. Bg4 Nf6 29. Bf5 Bg6 30. Bxg6 fxg6 31. Nf1 g4 32. f3 gxf3 33. Rxg6 Rag8 34. Rxg8 Rxg8 35. Nh2 f2 36. Rf1 Rh8 37. Rxf2 Rxh6 38. Nf3 Ng4 39. Rg2 Ne3 40. Rg7+ Kd6 41. Rxb7 Rf6 42. Nd2 Rf2 43. Nc4+ Ke6 44. Rc7 Nxc2 45. Rxc6+ Ke7 46. Nxe5 Nb4+ 47. Ka3 Nxc6 48. Nxc6+ Kd6 49. Nxd4 Rd2 50. Nf5+ Ke5 51. Kb4 Rxd3 52. Kc4 1/2-1/2

[Event "Madrid San Viator op 23rd"]
[Site "Madrid"]
[Date "2014.10.19"]
[Round "4"]
[White "Brasa Olmos, Joaquin"]
[Black "Luna Hermoso, Angel"]
[Result "0-1"]
[WhiteElo "1527"]
[BlackElo "1955"]
[PlyCount "70"]
[EventDate "2014.09.28"]
[EventType "swiss"]
[EventRounds "9"]
[EventCountry "ESP"]
[SourceTitle "EXT 2016"]
[Source "ChessBase"]
[SourceDate "2015.10.08"]
[SourceVersion "1"]
[SourceVersionDate "2015.10.08"]
[SourceQuality "1"]

1. e4 e5 2. Nf3 Nc6 3. Nc3 Nf6 4. Bc4 Be7 5. d3 0-0 6. Be3 d6 7. h3 Na5 8. Nd2 b5 9. Bxb5 c6 10. Ba4 d5 11. exd5 cxd5 12. d4 Ba6 13. Bb5 Bxb5 14. Nxb5 Qb8 15. dxe5 Qxb5 16. exf6 Bxf6 17. a4 Qa6 18. c3 Rae8 19. Nf3 Qc4 20. Qe2 Bxc3+ 21. Nd2 Bxd2+ 22. Kxd2 Nb3+ 23. Kd1 Nxa1 24. Qxc4 dxc4 25. Bc5 Rd8+ 26. Ke2 Rfe8+ 27. Kf3 Rd3+ 28. Be3 Nc2 29. Rc1 Nd4+ 30. Kg4 Re4+ 31. Kh5 g6+ 32. Kg5 Rdxe3 33. fxe3 Kg7 34. g4 Nf5 35. gxf5 h6# 0-1

[Event "Madrid San Viator op 23rd"]
[Site "Madrid"]
[Date "2014.09.28"]
[Round "1"]
[White "Luna Hermoso, Angel"]
[Black "Bustos Bernardo, Samuel"]
[Result "1/2-1/2"]
[WhiteElo "1955"]
[BlackElo "1826"]
[PlyCount "146"]
[EventDate "2014.09.28"]
[EventType "swiss"]
[EventRounds "9"]
[EventCountry "ESP"]
[SourceTitle "EXT 2016"]
[Source "ChessBase"]
[SourceDate "2015.10.08"]
[SourceVersion "1"]
[SourceVersionDate "2015.10.08"]
[SourceQuality "1"]

1. Nf3 Nf6 2. c4 e6 3. d4 d5 4. g3 c5 5. Bg2 Nc6 6. 0-0 Be7 7. Nc3 dxc4 8. Qa4 0-0 9. dxc5 Bxc5 10. Qxc4 Qe7 11. Bg5 Na5 12. Qh4 h6 13. Ne4 hxg5 14. Nfxg5 Rd8 15. Rfd1 Bd7 16. b4 Bxb4 17. Rd4 Nc6 18. Nxf6+ Qxf6 19. Rf4 Qh6 20. Qxh6 gxh6 21. Nxf7 Rf8 22. Nxh6+ Kg7 23. Rh4 Be7 24. Rh5 Rh8 25. Rd1 Be8 26. Rb5 Rxh6 27. Rxb7 Kf8 28. Rc7 e5 29. Rc1 Nd4 30. Bxa8 Nxe2+ 31. Kg2 Nxc1 32. Rxc1 Ra6 33. Rc8 Bd6 34. Be4 Ke7 35. h4 Rxa2 36. g4 Bd7 37. Rg8 Bc5 38. Rg7+ Kd6 39. h5 Rxf2+ 40. Kg3 Rf4 41. h6 Rxe4 42. h7 Re3+ 43. Kh4 Re1 44. g5 Rh1+ 45. Kg3 Bf5 46. g6 Kd5 47. Rd7+ Bxd7 48. g7 Rg1+ 49. Kh2 Rxg7 50. h8Q Re7 51. Qa8+ Kd4 52. Kg2 e4 53. Qh8+ Kc4 54. Qb2 Bc6 55. Qe2+ Kd4 56. Qd2+ Ke5 57. Qc3+ Kd5 58. Qd2+ Bd4 59. Qa5+ Kd6 60. Qd8+ Rd7 61. Qb8+ Ke6 62. Qg8+ Kf5 63. Qf8+ Bf6 64. Qc5+ Bd5 65. Qc8 e3+ 66. Kg3 Be5+ 67. Kh4 Be6 68. Qc2+ Kf4 69. Qh2+ Ke4 70. Qg2+ Kf5 71. Qg4+ Kf6 72. Qg5+ Kf7 73. Qxe5 Rd5 1/2-1/2

[Event "Madrid-ch sf-A"]
[Site "Madrid"]
[Date "2014.03.11"]
[Round "2"]
[White "Camarero Izquierdo, Juan Carlos"]
[Black "Luna Hermoso, Angel"]
[Result "0-1"]
[WhiteElo "1864"]
[BlackElo "1973"]
[PlyCount "74"]
[EventDate "2014.03.10"]
[EventType "swiss"]
[EventRounds "9"]
[EventCountry "ESP"]
[SourceTitle "EXT 2015"]
[Source "ChessBase"]
[SourceDate "2014.11.20"]
[SourceVersion "1"]
[SourceVersionDate "2014.11.20"]
[SourceQuality "1"]

1. d4 Nf6 2. Nc3 b5 3. Nxb5 Nc6 4. Nf3 d6 5. e3 Rb8 6. c4 Bf5 7. Bd3 Bxd3 8. Qxd3 Nb4 9. Qe2 c6 10. Nc3 Qa5 11. 0-0 e5 12. h4 e4 13. Ng5 d5 14. f3 h6 15. Nxf7 exf3 16. Qxf3 Kxf7 17. Qh5+ Kg8 18. Rxf6 gxf6 19. Qg6+ Bg7 20. e4 Qd8 21. Bf4 Qe8 22. Qg3 Rd8 23. e5 Kh7 24. a3 Nc2 25. Rc1 Nxd4 26. Qd3+ Kg8 27. exf6 Bxf6 28. cxd5 cxd5 29. Qg3+ Kh7 30. Qf2 Qg6 31. Rd1 Rhg8 32. Rd2 Qg4 33. Kf1 Ne6 34. Ne2 Bxh4 35. g3 Nxf4 36. Nxf4 Bxg3 37. Qxa7+ Rg7 0-1

[Event "Madrid San Viator op 21st"]
[Site "Madrid"]
[Date "2013.11.10"]
[Round "8"]
[White "Cabanas Bravo, Juan Andres"]
[Black "Luna Hermoso, Angel"]
[Result "1-0"]
[WhiteElo "2089"]
[BlackElo "1979"]
[PlyCount "63"]
[EventDate "2013.09.29"]
[EventType "swiss"]
[EventRounds "9"]
[EventCountry "ESP"]
[SourceTitle "EXT 2015"]
[Source "ChessBase"]
[SourceDate "2014.11.20"]
[SourceVersion "1"]
[SourceVersionDate "2014.11.20"]
[SourceQuality "1"]

1. e4 c5 2. Nf3 d6 3. d4 cxd4 4. Nxd4 Nf6 5. Nc3 a6 6. f3 e6 7. Be3 b5 8. a4 b4 9. Na2 e5 10. Nb3 Nc6 11. Bc4 Be6 12. Bd5 Bxd5 13. exd5 Na5 14. Qd3 Nxb3 15. Qxb3 Be7 16. Nxb4 Rb8 17. a5 Rxb4 18. Qxb4 Nxd5 19. Qa4+ Qd7 20. Bd2 f5 21. Ke2 Bf6 22. c4 Ne7 23. Rac1 Nc6 24. Bc3 0-0 25. b4 Rb8 26. b5 axb5 27. cxb5 Rxb5 28. a6 e4 29. Bxf6 exf3+ 30. Kxf3 gxf6 31. Qc4+ d5 32. Qxc6 1-0

[Event "Madrid San Viator op 21st"]
[Site "Madrid"]
[Date "2013.11.03"]
[Round "7"]
[White "Luna Hermoso, Angel"]
[Black "Marcos Herrero, Francisco"]
[Result "1-0"]
[WhiteElo "1979"]
[BlackElo "1949"]
[PlyCount "47"]
[EventDate "2013.09.29"]
[EventType "swiss"]
[EventRounds "9"]
[EventCountry "ESP"]
[SourceTitle "EXT 2015"]
[Source "ChessBase"]
[SourceDate "2014.11.20"]
[SourceVersion "1"]
[SourceVersionDate "2014.11.20"]
[SourceQuality "1"]

1. Nf3 c5 2. b4 Nf6 3. bxc5 Qa5 4. Nc3 g6 5. Bb2 Qxc5 6. e3 d5 7. Nb5 b6 8. Bd4 Qc6 9. c4 Na6 10. Ne5 Qb7 11. Qa4 Bd7 12. Qxa6 Qxa6 13. Nc7+ Kd8 14. Nxa6 Be6 15. cxd5 Bxd5 16. Bb5 h5 17. Rc1 Rh7 18. 0-0 Ne4 19. Rc7 Nd6 20. Rd7+ Kc8 21. Rc1+ Bc4 22. Rc7+ Kd8 23. Nc6+ Ke8 24. Bxc4 1-0

[Event "Madrid San Viator op 21st"]
[Site "Madrid"]
[Date "2013.10.06"]
[Round "2"]
[White "Luna Hermoso, Angel"]
[Black "Garcia Sanjuan, Jose"]
[Result "1-0"]
[WhiteElo "1979"]
[BlackElo "1857"]
[PlyCount "97"]
[EventDate "2013.09.29"]
[EventType "swiss"]
[EventRounds "9"]
[EventCountry "ESP"]
[SourceTitle "EXT 2015"]
[Source "ChessBase"]
[SourceDate "2014.11.20"]
[SourceVersion "1"]
[SourceVersionDate "2014.11.20"]
[SourceQuality "1"]

1. d4 b6 2. e4 Bb7 3. Nc3 g6 4. Bc4 Bg7 5. Nf3 e6 6. e5 d5 7. exd6 Qxd6 8. 0-0 a6 9. d5 Bxc3 10. dxe6 fxe6 11. bxc3 Qxd1 12. Rxd1 Bxf3 13. gxf3 e5 14. Bg5 Ne7 15. Bf6 Rf8 16. Bxe5 Rxf3 17. Bxc7 Nbc6 18. Be6 Rxc3 19. Rd7 Nd4 20. Rxd4 Rxc7 21. Rh4 h5 22. Re1 Raa7 23. Rf4 g5 24. Rf3 h4 25. c4 b5 26. cxb5 axb5 27. Re5 Rc6 28. Bf7+ Kd8 29. Rxb5 g4 30. Rd3+ Kc7 31. Kg2 Rc1 32. h3 Ra4 33. Rh5 Rf4 34. Bb3 Nf5 35. hxg4 Rxg4+ 36. Kf3 Rd4 37. Rxd4 Nxd4+ 38. Kg4 Nxb3 39. axb3 Rc3 40. Rxh4 Rxb3 41. f4 Kd7 42. Kg5 Ke7 43. Rh7+ Kf8 44. f5 Rb5 45. Kg6 Rb6+ 46. f6 Kg8 47. Ra7 Rb8 48. Rg7+ Kf8 49. Rh7 1-0

[Event "Madrid San Viator op 21st"]
[Site "Madrid"]
[Date "2013.09.29"]
[Round "1"]
[White "Campo Garcia, Carlos"]
[Black "Luna Hermoso, Angel"]
[Result "1/2-1/2"]
[WhiteElo "1789"]
[BlackElo "1979"]
[PlyCount "145"]
[EventDate "2013.09.29"]
[EventType "swiss"]
[EventRounds "9"]
[EventCountry "ESP"]
[SourceTitle "EXT 2015"]
[Source "ChessBase"]
[SourceDate "2014.11.20"]
[SourceVersion "1"]
[SourceVersionDate "2014.11.20"]
[SourceQuality "1"]

1. d4 Nf6 2. c4 e5 3. dxe5 Ne4 4. a3 Bc5 5. e3 Bb6 6. Nf3 d6 7. exd6 Qf6 8. dxc7 Nc6 9. Bd3 Nc5 10. 0-0 Bxc7 11. Nc3 Nxd3 12. Nd5 Qd6 13. Nxc7+ Qxc7 14. Qxd3 h6 15. b4 Be6 16. Bb2 Rd8 17. Qc3 f6 18. Rad1 0-0 19. e4 Ne7 20. c5 Ng6 21. Bc1 Qf7 22. Rd4 Rxd4 23. Qxd4 f5 24. exf5 Qxf5 25. Qd6 Bd5 26. Qg3 Bxf3 27. Qxf3 Qxf3 28. gxf3 Rxf3 29. Be3 h5 30. Rd1 Ne5 31. Kg2 Rf5 32. Rd5 Kh7 33. Kf1 Kg6 34. Ke2 h4 35. f4 Nc4 36. Rxf5 Kxf5 37. a4 Ke4 38. Bc1 Kd4 39. f5 Ke4 40. Bg5 Kxf5 41. Bxh4 Nb2 42. a5 a6 43. Ke3 Ke5 44. Kd2 Kd4 45. Kc2 Nd3 46. Kb3 Nc1+ 47. Ka4 Kc4 48. Bg5 Nd3 49. Bd2 g6 50. h4 Nb2+ 51. Ka3 Nd1 52. Bg5 Nf2 53. Be3 Ng4 54. Bf4 Nf6 55. Bg5 Nd5 56. Bd2 Kd3 57. Bg5 Kc3 58. Ka4 Kc4 59. Bd2 Nc7 60. Bg5 Nb5 61. Bd2 Kd3 62. Bg5 Kc4 63. Bd2 Nc7 64. Bg5 Nd5 65. Bd2 Kd3 66. Bg5 Kc3 67. Bh6 Kc4 68. Bd2 Ne7 69. Bg5 Nf5 70. Bf6 Ne3 71. Bg5 Nd1 72. Ka3 Nc3 73. Bh6 1/2-1/2

[Event "Madrid-ch sf-A"]
[Site "Madrid"]
[Date "2012.04.10"]
[Round "1"]
[White "Luna Hermoso, Angel"]
[Black "Ramirez Garcia, Jorge Alberto"]
[Result "1-0"]
[WhiteElo "2013"]
[BlackElo "2222"]
[PlyCount "71"]
[EventDate "2012.04.10"]
[EventType "swiss"]
[EventRounds "9"]
[EventCountry "ESP"]
[SourceTitle "CBM 148 Extra"]
[Source "ChessBase"]
[SourceDate "2012.06.22"]
[SourceVersion "1"]
[SourceVersionDate "2012.06.22"]
[SourceQuality "1"]

1. d4 Nf6 2. c4 e6 3. Nf3 d5 4. g3 dxc4 5. Bg2 a6 6. 0-0 b5 7. Ne5 Nd5 8. a4 c6 9. e4 Nf6 10. Nc3 Bb7 11. Be3 Nbd7 12. f4 Be7 13. Nxd7 Qxd7 14. Bh3 b4 15. Ne2 Nxe4 16. f5 g5 17. fxe6 fxe6 18. d5 cxd5 19. Nd4 Nc5 20. Qh5+ Kd8 21. Rf7 Kc7 22. Bxg5 Rae8 23. Bxe7 Rxe7 24. Rxe7 Qxe7 25. Qe5+ Kb6 26. a5+ Ka7 27. Qxh8 Qg5 28. Re1 Qd2 29. Nf3 Qd3 30. Qd4 Qxd4+ 31. Nxd4 Nd3 32. Rxe6 Nxb2 33. Rb6 b3 34. Bc8 Ba8 35. Bxa6 Na4 36. Nb5# 1-0

[Event "Collado Villalba op 28th"]
[Site "Collado Villalba"]
[Date "2011.08.25"]
[Round "3"]
[White "Luna Hermoso, Angel"]
[Black "Pastor Alonso de Prado, Emilio Alberto"]
[Result "0-1"]
[WhiteElo "2046"]
[BlackElo "2197"]
[PlyCount "60"]
[EventDate "2011.08.23"]
[EventType "swiss"]
[EventRounds "9"]
[EventCountry "ESP"]
[SourceTitle "CBM 144 Extra"]
[Source "ChessBase"]
[SourceDate "2011.10.28"]
[SourceVersion "1"]
[SourceVersionDate "2011.10.28"]
[SourceQuality "1"]

1. e4 e5 2. Nf3 Nc6 3. d4 exd4 4. Bc4 Be7 5. 0-0 d6 6. Nxd4 Nf6 7. Nc3 0-0 8. Be2 Nxd4 9. Qxd4 c6 10. Be3 Ne8 11. Rad1 f5 12. e5 d5 13. f4 Nc7 14. Kh1 c5 15. Qd3 d4 16. Bg1 Be6 17. Qh3 Qe8 18. Nb1 Qa4 19. Qa3 Qxa3 20. Nxa3 Rab8 21. b4 b5 22. bxc5 Bxc5 23. Nb1 Bxa2 24. Nc3 Be6 25. Bxd4 Bxd4 26. Rxd4 a5 27. Ra1 b4 28. Nd1 Rfd8 29. Rxd8+ Rxd8 30. Rxa5 Rd2 0-1

[Event "Collado Villalba op-A 26th"]
[Site "Collado Villalba"]
[Date "2009.08.22"]
[Round "2"]
[White "Elissalt Cardenas, Hector"]
[Black "Luna Hermoso, Angel"]
[Result "1-0"]
[WhiteElo "2317"]
[BlackElo "2115"]
[PlyCount "91"]
[EventDate "2009.08.21"]
[EventType "swiss"]
[EventRounds "9"]
[EventCountry "ESP"]
[SourceTitle "CBM 132 Extra"]
[Source "ChessBase"]
[SourceDate "2009.11.03"]
[SourceVersion "1"]
[SourceVersionDate "2009.11.03"]
[SourceQuality "1"]

1. d4 Nf6 2. Nf3 e6 3. c4 Bb4+ 4. Bd2 a5 5. Qc2 0-0 6. e4 d5 7. e5 Ne4 8. Bd3 f5 9. exf6 Nxf6 10. Bxb4 axb4 11. c5 Nc6 12. 0-0 Ne4 13. Bxe4 dxe4 14. Qxe4 Rxf3 15. Qxf3 Nxd4 16. Qe4 Nb3 17. axb3 Rxa1 18. Qxb4 Qd3 19. Nd2 Ra2 20. Nc4 Qd4 21. c6 bxc6 22. Qb8 Qd8 23. Ne3 Ra5 24. Rd1 Rd5 25. Nxd5 exd5 26. Ra1 Qe8 27. h3 Bd7 28. Qxc7 h5 29. Ra7 h4 30. Kh2 Qf8 31. f4 Kh7 32. Qe5 Qf5 33. Qxf5+ Bxf5 34. Rc7 Bc2 35. Rxc6 Bxb3 36. Rc3 Ba2 37. Kg1 Kg6 38. Kf2 Kf5 39. Ke3 Bb1 40. Kd4 Be4 41. b4 Bxg2 42. b5 Bf1 43. b6 Ba6 44. Ra3 Bb7 45. Ra7 Bc8 46. b7 1-0

[Event "Madrid-ch sf-B"]
[Site "Madrid"]
[Date "2004.??.??"]
[Round "6"]
[White "Luna Hermoso, Angel"]
[Black "Garcia Galeote, Lorenzo"]
[Result "1/2-1/2"]
[WhiteElo "2110"]
[BlackElo "2140"]
[PlyCount "75"]
[EventDate "2004.01.08"]
[EventType "swiss"]
[EventRounds "9"]
[EventCountry "ESP"]
[SourceTitle "EXT 2005"]
[Source "ChessBase"]
[SourceDate "2004.11.15"]
[SourceVersion "1"]
[SourceVersionDate "2004.11.15"]
[SourceQuality "1"]

1. e4 Nc6 2. d4 d5 3. Nc3 e5 4. Bb5 Bb4 5. Bd2 exd4 6. Nxd5 Bxd2+ 7. Qxd2 a6 8. Bd3 Nf6 9. Qg5 Nxd5 10. Qxd8+ Kxd8 11. exd5 Re8+ 12. Kd2 Nb4 13. Nf3 Nxd5 14. Nxd4 c5 15. Nf5 Bxf5 16. Bxf5 g6 17. Bg4 Kc7 18. Rad1 Nf4 19. g3 Rad8+ 20. Kc1 Ne2+ 21. Bxe2 Rxe2 22. Rxd8 Kxd8 23. Rf1 Kd7 24. Kd1 Re6 25. Re1 Rb6 26. b3 c4 27. Re4 cxb3 28. axb3 Rd6+ 29. Ke2 Re6 30. Ke3 a5 31. Rxe6 Kxe6 32. Kd4 Kd6 33. Kc4 Kc6 34. f4 f5 35. h3 h6 36. Kd4 h5 37. c3 Kd6 38. Kc4 1/2-1/2